[Event "Bohumin op-A 8th"]
[Site "Bohumin"]
[Date "2025.07.05"]
[Round "9"]
[White "Staniczek, Kacper"]
[Black "Boff, Ondrej"]
[Result "1-0"]
[WhiteElo "2047"]
[BlackElo "1922"]
[PlyCount "71"]
[EventDate "2025.06.28"]
[EventType "swiss"]
[EventRounds "9"]
[EventCountry "CZE"]
[SourceTitle "CB28_2025"]
[SourceDate "2025.07.09"]
[SourceVersion "1"]
[SourceVersionDate "2025.07.09"]
[SourceQuality "1"]

1. e4 c5 2. Nc3 Nc6 3. Bb5 e6 4. Bxc6 bxc6 5. d3 d5 6. f4 Nf6 7. Nf3 Ba6 8. Qe2 Be7 9. e5 Nd7 10. 0-0 c4 11. d4 c5 12. Be3 Rb8 13. Rab1 Qc7 14. Qf2 cxd4 15. Nxd4 Bb4 16. f5 Nc5 17. fxe6 fxe6 18. Nde2 Rc8 19. Kh1 Qe7 20. a3 Ba5 21. Qg3 Kd7 22. Bg5 Qe8 23. Qf3 Rf8 24. Qh3 h6 25. Be3 Bb7 26. Nb5 Ne4 27. Nxa7 Rd8 28. Nd4 Qg6 29. Nab5 Bd2 30. Rbd1 Bxe3 31. Qxe3 Qh5 32. Rde1 Qxe5 33. Nf3 Qb8 34. Qd4 Kc8 35. Qxg7 Ba6 36. Na7+ 1-0

[Event "Bohumin op-A 8th"]
[Site "Bohumin"]
[Date "2025.07.04"]
[Round "8"]
[White "Hladik, Lumir"]
[Black "Staniczek, Kacper"]
[Result "0-1"]
[WhiteElo "1929"]
[BlackElo "2047"]
[PlyCount "98"]
[EventDate "2025.06.28"]
[EventType "swiss"]
[EventRounds "9"]
[EventCountry "CZE"]
[SourceTitle "CB28_2025"]
[SourceDate "2025.07.09"]
[SourceVersion "1"]
[SourceVersionDate "2025.07.09"]
[SourceQuality "1"]

1. e4 d5 2. exd5 Nf6 3. Bb5+ Nbd7 4. Nc3 a6 5. Be2 Nb6 6. Bf3 Nbxd5 7. Nxd5 Nxd5 8. d4 g6 9. c4 Nb6 10. b3 Bg7 11. Be3 0-0 12. Ne2 Nd7 13. h4 c5 14. h5 cxd4 15. Nxd4 Ne5 16. Be2 Qa5+ 17. Kf1 Rd8 18. Qc2 Ng4 19. hxg6 Nxe3+ 20. fxe3 hxg6 21. Rd1 Qc5 22. b4 Qc7 23. Kf2 Bxd4 24. exd4 Qf4+ 25. Bf3 Rxd4 26. Qc3 e5 27. g3 Qf6 28. Rxd4 exd4 29. Qd2 Be6 30. Qh6 Rd8 31. Qh7+ Kf8 32. Qh8+ Qxh8 33. Rxh8+ Ke7 34. Rxd8 Kxd8 35. Bxb7 Bxc4 36. a3 Kc7 37. Bf3 Kd6 38. Ke1 Ke5 39. Kd2 f5 40. a4 g5 41. Bb7 g4 42. Bc8 f4 43. Bxg4 fxg3 44. Bh3 Bd5 45. Ke2 Kf4 46. Kd3 Ke5 47. Ke2 g2 48. Kf2 d3 49. Bg4 Kd4 0-1

[Event "Bohumin op-A 8th"]
[Site "Bohumin"]
[Date "2025.06.28"]
[Round "1"]
[White "Staniczek, Kacper"]
[Black "Fargac, Martin"]
[Result "1/2-1/2"]
[WhiteElo "2047"]
[BlackElo "2407"]
[PlyCount "131"]
[EventDate "2025.06.28"]
[EventType "swiss"]
[EventRounds "9"]
[EventCountry "CZE"]
[SourceTitle "CB28_2025"]
[SourceDate "2025.07.09"]
[SourceVersion "1"]
[SourceVersionDate "2025.07.09"]
[SourceQuality "1"]

1. e4 e5 2. Nf3 Nc6 3. d4 exd4 4. Nxd4 Nf6 5. Nxc6 bxc6 6. e5 Qe7 7. Qe2 Nd5 8. c4 Ba6 9. b3 g6 10. f4 g5 11. f5 0-0-0 12. Bb2 Re8 13. Qd2 Nb6 14. Be2 g4 15. Qa5 Bb7 16. 0-0 Rg8 17. Nd2 c5 18. Bd3 g3 19. h3 d6 20. f6 Qd8 21. Qxa7 dxe5 22. Bf5+ Re6 23. Rad1 Qe8 24. Ne4 Qc6 25. Rd3 Rg5 26. Rfd1 Bd6 27. Rxd6 cxd6 28. Rxd6 Rxf5 29. Rxc6+ Rxc6 30. Nxg3 Rg5 31. Ne4 Rg6 32. Bxe5 Nd7 33. Nd6+ Rxd6 34. Bxd6 Rxf6 35. Bxc5 Ra6 36. Qxa6 Bxa6 37. Bd4 Nf8 38. Kf2 Kd7 39. Kf3 Ke6 40. g4 Ng6 41. a4 f5 42. gxf5+ Kxf5 43. a5 Nf4 44. h4 Bb7+ 45. Ke3 Ng2+ 46. Kd3 Ne1+ 47. Kc3 Ke4 48. b4 Nf3 49. Bf6 Kf5 50. Bd8 Ke6 51. b5 Kd7 52. Bf6 Ke6 53. a6 Be4 54. b6 Kd7 55. b7 Kc7 56. Bd8+ Kb8 57. Be7 Bxb7 58. axb7 Kxb7 59. Kd3 Ne5+ 60. Kc3 h5 61. Bf6 Nd7 62. Bg5 Kc6 63. Kd4 Nf8 64. Ke4 Ng6 65. Kf5 Nxh4+ 66. Bxh4 1/2-1/2

[Event "POL-chT U20 1st League"]
[Site "Chotowa"]
[Date "2025.06.19"]
[Round "6.27"]
[White "Smejda, Hubert"]
[Black "Staniczek, Kacper"]
[Result "0-1"]
[WhiteElo "1576"]
[BlackElo "2032"]
[PlyCount "45"]
[EventDate "2025.06.14"]
[EventType "team-swiss"]
[EventRounds "9"]
[EventCountry "POL"]
[SourceTitle "CB26_2025"]
[SourceDate "2025.06.25"]
[SourceVersion "1"]
[SourceVersionDate "2025.06.25"]
[SourceQuality "1"]
[WhiteTeam "Bełchatow Jedynka"]
[BlackTeam "Wodzisław Slaski"]
[WhiteTeamCountry "POL"]
[BlackTeamCountry "POL"]

1. e4 e6 2. d4 d5 3. Nc3 Nf6 4. e5 Nfd7 5. f4 c5 6. Nf3 Nc6 7. Be3 cxd4 8. Nxd4 Bc5 9. Be2 0-0 10. 0-0 Qb6 11. Na4 Bxd4 12. Nxb6 Bxe3+ 13. Kh1 Bxb6 14. Bd3 Nc5 15. Qh5 g6 16. Qh6 Nxd3 17. Rf3 Nf2+ 18. Rxf2 Bxf2 19. Rf1 f6 20. exf6 Rxf6 21. Rxf2 Bd7 22. Rf3 Raf8 23. Rh3 0-1

[Event "Ustron op-B"]
[Site "Ustron"]
[Date "2024.08.13"]
[Round "5"]
[White "Staniczek, Kacper"]
[Black "Sola, Wojciech"]
[Result "1-0"]
[WhiteElo "1890"]
[BlackElo "1804"]
[PlyCount "105"]
[EventDate "2024.08.09"]
[EventType "swiss"]
[EventRounds "9"]
[EventCountry "POL"]
[SourceTitle "EXT 2025"]
[Source "ChessBase"]
[SourceDate "2024.10.14"]
[SourceVersion "1"]
[SourceVersionDate "2024.10.14"]
[SourceQuality "1"]

1. e4 c5 2. Nf3 g6 3. d4 cxd4 4. Nxd4 Bg7 5. Nc3 Nc6 6. Be3 Nf6 7. Bc4 0-0 8. Bb3 Qa5 9. 0-0 d6 10. h3 a6 11. Re1 Qh5 12. Qxh5 Nxh5 13. Rad1 Nxd4 14. Bxd4 Be6 15. Bxg7 Kxg7 16. e5 Bxb3 17. axb3 Rfd8 18. exd6 e6 19. Ne4 b6 20. c4 Rac8 21. Rd2 h6 22. Ra1 a5 23. Nc3 Rc6 24. Nb5 Nf6 25. Rad1 Ne4 26. Rd4 Nf6 27. d7 Kf8 28. Kf1 Ke7 29. Na7 Rc7 30. Nc8+ Rcxc8 31. dxc8Q Rxc8 32. Ke2 Rc7 33. f3 Nd7 34. Kd2 Nc5 35. Kc3 b5 36. b4 Nb7 37. b3 h5 38. Kb2 axb4 39. cxb5 Na5 40. Rxb4 Rb7 41. Ka3 Rb6 42. Ka4 Nb7 43. Rc4 Nd6 44. Rc7+ Kf6 45. Rc5 Ke7 46. Ka5 Rb7 47. b6 Rd7 48. Rc7 Nb7+ 49. Ka6 Nc5+ 50. Rxc5 Rxd1 51. b7 Rd8 52. Rc8 Kd7 53. Rxd8+ 1-0

[Event "Ustron op-B"]
[Site "Ustron"]
[Date "2024.08.12"]
[Round "4"]
[White "Haladaj, Adam1"]
[Black "Staniczek, Kacper"]
[Result "1/2-1/2"]
[WhiteElo "1979"]
[BlackElo "1890"]
[PlyCount "85"]
[EventDate "2024.08.09"]
[EventType "swiss"]
[EventRounds "9"]
[EventCountry "POL"]
[SourceTitle "EXT 2025"]
[Source "ChessBase"]
[SourceDate "2024.10.14"]
[SourceVersion "1"]
[SourceVersionDate "2024.10.14"]
[SourceQuality "1"]

1. Nf3 d5 2. g3 Nf6 3. Bg2 c5 4. 0-0 Nc6 5. d4 e6 6. c4 Be7 7. cxd5 exd5 8. Nc3 0-0 9. Bg5 Be6 10. Rc1 c4 11. Ne5 Rc8 12. e3 h6 13. Bxf6 Bxf6 14. f4 Bxe5 15. fxe5 Nb4 16. Qh5 Qg5 17. Qxg5 hxg5 18. Rcd1 Rfd8 19. Rd2 a6 20. e4 dxe4 21. Bxe4 Bd5 22. a3 Bxe4 23. Nxe4 Nd3 24. Nd6 Rc7 25. b3 b5 26. a4 f6 27. axb5 fxe5 28. b6 Rcd7 29. Nxc4 Rxd4 30. Rfd1 e4 31. Na5 R4d7 32. b7 Rb8 33. Re2 Rd5 34. Rc2 Rc5 35. Rxc5 Nxc5 36. Rd4 e3 37. Kf1 Nxb7 38. Nxb7 Rxb7 39. Rd3 Rf7+ 40. Ke2 Rf2+ 41. Kxe3 Rxh2 42. Kf3 Rb2 43. Ke4 1/2-1/2

[Event "Ustron op-B"]
[Site "Ustron"]
[Date "2024.08.11"]
[Round "3"]
[White "Staniczek, Kacper"]
[Black "Kukla, Maciej1"]
[Result "1/2-1/2"]
[WhiteElo "1890"]
[BlackElo "1729"]
[PlyCount "75"]
[EventDate "2024.08.09"]
[EventType "swiss"]
[EventRounds "9"]
[EventCountry "POL"]
[SourceTitle "EXT 2025"]
[Source "ChessBase"]
[SourceDate "2024.10.14"]
[SourceVersion "1"]
[SourceVersionDate "2024.10.14"]
[SourceQuality "1"]

1. e4 c5 2. Nf3 Nc6 3. d4 cxd4 4. Nxd4 Nf6 5. Nc3 e5 6. Ndb5 d6 7. Bg5 a6 8. Na3 b5 9. Nd5 Be7 10. Bxf6 Bxf6 11. c3 0-0 12. Nc2 Bg5 13. a4 bxa4 14. Rxa4 a5 15. Bc4 Rb8 16. b3 Kh8 17. Nce3 g6 18. h4 Bxh4 19. g3 Bg5 20. f4 exf4 21. gxf4 Bh4+ 22. Kf1 f5 23. Ra2 fxe4 24. Rah2 g5 25. Qh5 Ne5 26. Ke2 Nxc4 27. fxg5 Rxb3 28. Rxh4 Rb2+ 29. Nc2 Rb7 30. Nf6 Rxf6 31. gxf6 Qg8 32. Qxh7+ Rxh7 33. Rxh7+ Qxh7 34. f7 Bg4+ 35. Kf2 Qxh1 36. f8Q+ Kh7 37. Qf7+ Kh8 38. Qf8+ 1/2-1/2

[Event "Bohumin op-A 7th"]
[Site "Bohumin"]
[Date "2024.07.04"]
[Round "7"]
[White "Lojek, Marek"]
[Black "Staniczek, Kacper"]
[Result "1-0"]
[WhiteElo "2140"]
[BlackElo "1977"]
[PlyCount "75"]
[EventDate "2024.06.29"]
[EventType "swiss"]
[EventRounds "9"]
[EventCountry "CZE"]
[SourceTitle "CBM 221 Extra"]
[Source "ChessBase"]
[SourceDate "2024.09.30"]
[SourceVersion "1"]
[SourceVersionDate "2024.09.30"]
[SourceQuality "1"]

1. e4 e5 2. Nf3 Nc6 3. Bc4 Nf6 4. Ng5 d5 5. exd5 Na5 6. Bb5+ c6 7. dxc6 bxc6 8. Bd3 h6 9. Ne4 Nd5 10. 0-0 Be7 11. Re1 0-0 12. Ng3 Nf4 13. Bf1 Qc7 14. Nc3 f5 15. d3 Bb7 16. d4 e4 17. a3 Nd5 18. Bd2 Bc8 19. b4 Nb7 20. Bc4 Be6 21. Bb3 Kh8 22. Na4 a5 23. c4 Nb6 24. Nxb6 Qxb6 25. c5 Bxb3 26. Qxb3 Qd8 27. Bc3 Qd7 28. Rad1 a4 29. Qc4 Rad8 30. Nh5 Qd5 31. Qxd5 Rxd5 32. Nf4 Rd7 33. Ng6+ Kg8 34. Nxf8 Kxf8 35. f3 exf3 36. gxf3 Bf6 37. d5 Bxc3 38. dxc6 1-0

[Event "Bohumin op-A 7th"]
[Site "Bohumin"]
[Date "2024.07.03"]
[Round "6"]
[White "Staniczek, Kacper"]
[Black "Kolar, Stanislav"]
[Result "1-0"]
[WhiteElo "1977"]
[BlackElo "1925"]
[PlyCount "107"]
[EventDate "2024.06.29"]
[EventType "swiss"]
[EventRounds "9"]
[EventCountry "CZE"]
[SourceTitle "CBM 221 Extra"]
[Source "ChessBase"]
[SourceDate "2024.09.30"]
[SourceVersion "1"]
[SourceVersionDate "2024.09.30"]
[SourceQuality "1"]

1. e4 c5 2. Nf3 Nc6 3. d4 cxd4 4. Nxd4 e5 5. Nb5 d6 6. a4 Be6 7. N1c3 a6 8. Na3 Nf6 9. Bg5 Be7 10. Bxf6 Bxf6 11. Bc4 0-0 12. 0-0 Rc8 13. Nd5 Bg5 14. c3 Ne7 15. Qd3 Bxd5 16. Bxd5 Nxd5 17. Qxd5 Qc7 18. Rfd1 Rfd8 19. Rd3 Qc6 20. Qxc6 Rxc6 21. Rad1 Be7 22. f3 f6 23. Nc2 Kf7 24. Ne3 Ke6 25. Nd5 g6 26. g4 Rf8 27. b4 Rd8 28. Kf2 Bf8 29. Ke2 Bh6 30. h4 Rc4 31. h5 gxh5 32. Rh1 Bg5 33. Rxh5 h6 34. Rh1 Rh8 35. Kd1 Rhc8 36. Kc2 Rd4 37. Rhd1 Rxd3 38. Kxd3 Rh8 39. Rh1 Rc8 40. c4 Rc6 41. Rb1 Rc8 42. a5 Kf7 43. b5 Rc5 44. Nc3 Ke7 45. Na4 Rc7 46. bxa6 bxa6 47. Rb6 Bh4 48. Rxa6 Bf2 49. Nc3 Rb7 50. Nb5 Bc5 51. Ra8 Kf7 52. a6 Rd7 53. a7 Kg7 54. Rg8+ 1-0